000
00302nam a22001097a 4500
082
_a
355.02 FUL'D
100
_a
FULLER, J. F. C
_9
37121
245
_a
DECISIVE BATTLES OF THE WESTERN WORLD AND THEIR INFLUENCE UPON HISTORY
260
_a
LONDON
_b
EYRE & SPOTTISWOODS
_c
1954
300
_a
602P
942
_c
BK
999
_c
582198
_d
582198